Digital Electronics : principles and applications (Record no. 4588)

MARC details
000 -LEADER
fixed length control field 00613nam a2200205 a 4500
003 - CONTROL NUMBER IDENTIFIER
control field PK-NaQUE
005 - DATE AND TIME OF LATEST TRANSACTION
control field 20250901104437.0
008 - FIXED-LENGTH DATA ELEMENTS--GENERAL INFORMATION
fixed length control field 250901b ||||| |||| 00| 0 eng d
020 ## - INTERNATIONAL STANDARD BOOK NUMBER
International Standard Book Number 007337377X (hardcover)
020 ## - INTERNATIONAL STANDARD BOOK NUMBER
International Standard Book Number 9780073373775 (hardcover)
040 ## - CATALOGING SOURCE
Transcribing agency QUEST
100 1# - MAIN ENTRY--PERSONAL NAME
Personal name Tokheim, Roger.
245 10 - TITLE STATEMENT
Title Digital Electronics : principles and applications
250 ## - EDITION STATEMENT
Edition statement 6th ed.
260 ## - PUBLICATION, DISTRIBUTION, ETC. (IMPRINT)
Place of publication, distribution, etc [S.l.] :
Name of publisher, distributor, etc McGraw-Hill Science/Engineering/Math,
Date of publication, distribution, etc 2010.
300 ## - PHYSICAL DESCRIPTION
Extent 576 p. ;
650 ## - SUBJECT ADDED ENTRY--TOPICAL TERM
Topical term or geographic name as entry element Digital electronics
856 40 - ELECTRONIC LOCATION AND ACCESS
Uniform Resource Identifier <a href="http://10.10.170.122:8080/browse/book/18548">http://10.10.170.122:8080/browse/book/18548</a>
Link text Download eBook
942 ## - ADDED ENTRY ELEMENTS (KOHA)
Koha item type Books
Source of classification or shelving scheme Dewey Decimal Classification
Holdings
Withdrawn status Lost status Damaged status Not for loan Home library Current library Date acquired Cost, normal purchase price Total Checkouts Full call number Barcode Date last seen Price effective from Koha item type Date checked out
        Central Library, QUEST, Nawabshah Central Library, QUEST, Nawabshah 28/05/2014 1355.00   621.38153TOK 46942 28/05/2014 28/05/2014 Books  
        Central Library, QUEST, Nawabshah Central Library, QUEST, Nawabshah 30/10/2015 1877.00 3 621.3815TOK 52600 11/04/2025 30/10/2015 Books 20/12/2023
        Central Library, QUEST, Nawabshah Central Library, QUEST, Nawabshah 30/10/2015 1877.00 1 621.3815TOK 52601 08/06/2022 30/10/2015 Books 13/01/2022
        Central Library, QUEST, Nawabshah Central Library, QUEST, Nawabshah 30/10/2015 1877.00   621.3815TOK 52602 30/10/2015 30/10/2015 Books  
        Central Library, QUEST, Nawabshah Central Library, QUEST, Nawabshah 30/10/2015 1877.00   621.3815TOK 52603 30/10/2015 30/10/2015 Books  
        Seminar Library, Electrical Engg. Seminar Library, Electrical Engg. 30/10/2015 1877.00   621.3815TOK 52604 30/10/2015   Books